[Event "IECC KO email"]
[Site "IECC email"]
[Date "2002.02.15"]
[Round "?"]
[White "Gould, Michael"]
[Black "Seraphim, Luiz Antonio"]
[Result "1/2-1/2"]
[WhiteElo "1786"]
[BlackElo "1744"]
[PlyCount "71"]
[EventDate "2002.??.??"]
[EventType "tourn (corr)"]
[EventRounds "6"]
[SourceTitle "Corr 2008"]
[Source "ChessBase"]
[SourceDate "2008.06.24"]
[SourceVersion "1"]
[SourceVersionDate "2008.06.24"]
[SourceQuality "1"]

1. e4 c5 2. d4 Nc6 3. d5 Ne5 4. f4 Ng6 5. Nc3 d6 6. Nf3 a6 7. Bd3 e5 8. fxe5 Nxe5 9. Nxe5 dxe5 10. 0-0 Bd6 11. Qf3 Qf6 12. Qg3 Qg6 13. Qxg6 hxg6 14. Bg5 Nh6 15. Be2 f5 16. Na4 b5 17. Nb6 Rb8 18. Nxc8 Rxc8 19. a4 c4 20. axb5 axb5 21. Be3 0-0 22. Ra6 Rfd8 23. Bg5 Ra8 24. Rc6 Rd7 25. Bxh6 gxh6 26. exf5 gxf5 27. Rxf5 Kg7 28. b3 cxb3 29. cxb3 Ra3 30. Bxb5 Rxb3 31. Be2 e4 32. g3 Rb2 33. Kf2 Rb3 34. Bg4 Bb8 35. Bd1 Rd3 36. Be2 1/2-1/2

[Event "IECC CL4-2002.06"]
[Site "IECC email"]
[Date "2002.02.11"]
[Round "?"]
[White "Seraphim, Luiz Antonio"]
[Black "Bolduc, Michel"]
[Result "1-0"]
[WhiteElo "1693"]
[BlackElo "1615"]
[PlyCount "49"]
[EventDate "2002.??.??"]
[EventType "tourn (corr)"]
[EventRounds "4"]
[SourceTitle "Corr 2008"]
[Source "ChessBase"]
[SourceDate "2008.06.24"]
[SourceVersion "1"]
[SourceVersionDate "2008.06.24"]
[SourceQuality "1"]

1. e4 e5 2. Nf3 Nc6 3. Bb5 a6 4. Ba4 Nf6 5. 0-0 Nxe4 6. d4 b5 7. Bb3 d5 8. dxe5 Be6 9. Nbd2 Nc5 10. c3 d4 11. Bxe6 Nxe6 12. cxd4 Ncxd4 13. Ne4 Be7 14. Be3 Nf5 15. Qc2 0-0 16. Neg5 Bxg5 17. Nxg5 g6 18. Nxe6 fxe6 19. Rfe1 Qd5 20. Bc5 Rfd8 21. a4 Qc6 22. b4 Ne7 23. a5 Nd5 24. Qe4 Nb6 25. Qxc6 1-0

[Event "IECC CL4-2001.38"]
[Site "IECC email"]
[Date "2001.12.01"]
[Round "?"]
[White "Corbacho, Jose Luis"]
[Black "Seraphim, Luiz Antonio"]
[Result "0-1"]
[WhiteElo "1410"]
[BlackElo "1724"]
[PlyCount "77"]
[EventDate "2001.??.??"]
[EventType "tourn (corr)"]
[EventRounds "4"]
[SourceTitle "Corr 2008"]
[Source "ChessBase"]
[SourceDate "2008.06.24"]
[SourceVersion "1"]
[SourceVersionDate "2008.06.24"]
[SourceQuality "1"]

1. e4 c6 2. d4 d5 3. e5 Bf5 4. Nc3 e6 5. g4 Bg6 6. Nge2 Ne7 7. Bg5 h6 8. Bh4 Qb6 9. f4 h5 10. f5 exf5 11. Qd2 fxg4 12. Na4 Qc7 13. Nf4 Be4 14. Rg1 Nf5 15. Bg5 Bxc2 16. Nc3 Qb6 17. Nfe2 Be4 18. Bg2 Bxg2 19. Rxg2 g6 20. 0-0-0 Nd7 21. Ng3 Nxg3 22. Rxg3 Bg7 23. Qc2 Bh6 24. Bxh6 Rxh6 25. Qd2 Rh7 26. Qg5 Nf8 27. Na4 Qd8 28. Qd2 Ne6 29. Kb1 f5 30. Rb3 h4 31. Qc3 g5 32. Nc5 Nxc5 33. dxc5 Qe7 34. Re1 Qe6 35. Qd4 0-0-0 36. Qa4 a6 37. Rb6 f4 38. Qd4 Qf5+ 39. Ka1 0-1

[Event "IECC KO email"]
[Site "IECC email"]
[Date "2001.08.15"]
[Round "?"]
[White "Berkley, Stephen W"]
[Black "Seraphim, Luiz Antonio"]
[Result "1/2-1/2"]
[WhiteElo "1731"]
[BlackElo "1706"]
[PlyCount "71"]
[EventDate "2001.??.??"]
[EventType "tourn (corr)"]
[EventRounds "6"]
[SourceTitle "Corr 2008"]
[Source "ChessBase"]
[SourceDate "2008.06.24"]
[SourceVersion "1"]
[SourceVersionDate "2008.06.24"]
[SourceQuality "1"]

1. d4 Nf6 2. Nf3 d5 3. Bf4 c5 4. e3 Qb6 5. b3 e6 6. Bd3 cxd4 7. exd4 Be7 8. 0-0 Nc6 9. c3 0-0 10. Nbd2 Bd7 11. a4 a5 12. h3 h6 13. Qe2 Rac8 14. Rfc1 Rfe8 15. Rab1 Rf8 16. Ne5 Nxe5 17. dxe5 Ne8 18. Be3 Qc7 19. Bd4 b6 20. Rc2 f6 21. Nf3 Bc5 22. exf6 Nxf6 23. Ne5 Be8 24. Re1 Nh5 25. g3 Qd6 26. Qe3 Nf6 27. Rce2 Bxd4 28. cxd4 Qb4 29. Ng6 Bxg6 30. Bxg6 Kh8 31. Rc2 Rxc2 32. Bxc2 Rc8 33. Bg6 Rc6 34. Rc1 Rxc1+ 35. Qxc1 Nd7 36. Qc6 1/2-1/2

[Event "IECC TH-T email"]
[Site "IECC email"]
[Date "2000.10.16"]
[Round "?"]
[White "Seraphim, Luiz Antonio"]
[Black "Cherner, Lyle"]
[Result "1-0"]
[WhiteElo "1642"]
[BlackElo "1513"]
[PlyCount "47"]
[EventDate "2000.??.??"]
[EventType "match (corr)"]
[EventRounds "2"]
[SourceTitle "Corr 2008"]
[Source "ChessBase"]
[SourceDate "2008.06.24"]
[SourceVersion "1"]
[SourceVersionDate "2008.06.24"]
[SourceQuality "1"]

1. e4 c6 2. d4 d5 3. exd5 cxd5 4. Bd3 Nc6 5. c3 Nf6 6. Nf3 Bg4 7. 0-0 e6 8. Re1 Bd6 9. Nbd2 Qc7 10. Nf1 0-0 11. Bg5 Nd7 12. Bh4 Qb6 13. Rb1 Bh5 14. Bxh7+ Kxh7 15. Ng5+ Kg6 16. Qd3+ f5 17. Nxe6 Rf7 18. Bg3 Ne7 19. Bf4 Kh7 20. Ng5+ Kg8 21. Bxd6 Qxd6 22. Re6 Qc7 23. Nxf7 Bxf7 24. Rxe7 1-0